00839cam a2200265 i 450000100090000000300040000900500170001300800410003001000170007102000180008804000230010604200150012904300120014408200120015610000210016824501040018926400420029330000610033533600210039633700250041733800230044260000470046565000430051270000180055519053833OSt20230602114600.0160413s2014 ke a 000 0 eng  a 2015333274 a9789966074775 aDLCbengcDLCerda alcodeapcc af-ke--- a920bSG1 aTanui, Kipkoech.10aMoi at 90 :bH.E. Daniel Arap Moi celebrates his ninetieth birthday /cKipkoech Tanui, Alex Ndegwa. 1aNairobi :bSG Standard Group,c[2014] a236 pages :billustrations (chiefly color) ;c25 x 35 cm atext2rdacontent aunmediated2rdamedia avolume2rdacarrier10aMoi, Daniel Arap,d1924-vPictorial works. 0aEx-presidentszKenyavPictorial works.1 aNdegwa, Alex.